000 00795cam a22002777a 4500
003 CHAP
005 20220329135521.0
008 971013s1957 r 00010 d
010 _a37916
011 _a38888
035 _a43008
040 _cCHAP
082 _a581.192
_bM55
100 0 0 _aMiller, Erston Vinton.
_975760
245 1 4 _aThe chemistry of plants
260 _aNew York :
_bReinhold,
_c1957
300 _a174 p
590 _aBATCH-UPD
_b10
_c20130110
_lUCH01
_h2021
590 _aBATCH-UPD
_b10
_c20130410
_lUCH01
_h1339
590 _aBATCH-UPD
_b10
_c20130914
_lUCH01
_h1951
590 _aCONVERSION
_b10
_c20130109
_lUCH01
_h1321
650 1 4 _aQuĂ­mica vegetal.
_993602
901 _aBK
942 _cLIBRO
949 _a581.192 M55
_bBC
_cLIBRO
_d33724000511515
_eLIBRO
_h9359
_i43008
_si
999 _c37916
_d37916